Understanding post-communist transformation a bottom up approach
Saved in:
| Main Author: | |
|---|---|
| Format: | Book |
| Language: | English |
| Published: |
Milton Park, Abingdon, Oxon New York
Routledge
2008
|
| Subjects: | |
| Tags: |
Add Tag
No Tags, Be the first to tag this record!
|
| Call Number : | HN380.7 .A8 R64 2008 |
MARC
| LEADER | 00000pam a2200000 a 4500 | ||
|---|---|---|---|
| 001 | 26958 | ||
| 003 | MY-KLNDU | ||
| 005 | 20241218082154.0 | ||
| 008 | s2008 nyu d a 1 engdc | ||
| 020 | 0 | 0 | |a 9780415482189 (hbk) |
| 020 | 0 | 0 | |a 0415482186 (hbk) |
| 020 | 0 | 0 | |a 9780415482196 (pbk) |
| 020 | 0 | 0 | |a 0415482194 (pbk) |
| 020 | 0 | 0 | |a 9780203884935 (ebk) |
| 035 | |a 0000035191 | ||
| 039 | 9 | |a 201002020903 |b rahman |c 200911181203 |d VLOAD |y 200910091758 |z VLOAD | |
| 090 | |a HN380.7 .A8 |b R64 2008 | ||
| 100 | 1 | 0 | |a Rose, Richard |c 1933- |
| 245 | 1 | 0 | |a Understanding post-communist transformation |b a bottom up approach |c Richard Rose |
| 260 | 0 | 0 | |a Milton Park, Abingdon, Oxon |a New York |b Routledge |c 2008 |
| 300 | |a x, 223p. |b ill. |c 25cm | ||
| 504 | 0 | 0 | |a Includes bibliographical references and index |
| 591 | |a 0000005880 |b 19/11/08 |c 0201-07 |d 1 |e RM492.8 |f 1 |g 492.8 |h INTRABAKTI SD.BHD. | ||
| 610 | 2 | 0 | |a European Union |x Membership |
| 650 | 0 | 0 | |a Post-communism |z Europe, Central |
| 650 | 0 | 0 | |a Post-communism |z Europe, Eastern |
| 650 | 0 | 0 | |a Civil society |z Europe, Central |
| 650 | 0 | 0 | |a Civil society |z Europe, Eastern |
| 651 | 0 | 0 | |a Europe, Central |x Social conditions |y 1989- |
| 651 | 0 | 0 | |a Europe, Eastern |x Social conditions |y 1989- |
| 999 | |a vtls000036717 |c 26958 |d 26958 | ||


